[Event "YUG-ch sf"]
[Site "Kladovo"]
[Date "1990.??.??"]
[Round "8"]
[White "Lejlic, Samir"]
[Black "Mujagic, Ramo"]
[Result "1-0"]
[WhiteElo "2235"]
[BlackElo "2300"]
[PlyCount "87"]
[EventDate "1990.??.??"]
[EventType "swiss"]
[EventRounds "13"]
[EventCountry "YUG"]
[SourceTitle "TD"]
[Source "ChessBase"]
[SourceDate "1994.03.01"]
[SourceVersion "1"]
[SourceVersionDate "1994.03.01"]
[SourceQuality "1"]

1. e4 e5 2. Nf3 Nc6 3. d4 exd4 4. Nxd4 Nf6 5. Nxc6 bxc6 6. e5 Qe7 7. Qe2 Nd5 8. c4 Ba6 9. b3 g6 10. g3 Bg7 11. Bb2 0-0 12. Bg2 Rae8 13. 0-0 Nb6 14. Re1 f6 15. Qe3 fxe5 16. Ba3 c5 17. Bxc5 d6 18. Ba3 e4 19. Nc3 c5 20. Rad1 Bb7 21. Nxe4 Bxe4 22. Qxe4 Qf7 23. Qc2 Rxe1+ 24. Rxe1 Bd4 25. Re2 Re8 26. Bb2 Rxe2 27. Qxe2 Bxb2 28. Qxb2 Qe7 29. h4 Qe5 30. Qxe5 dxe5 31. Kf1 Kf8 32. Ke2 Ke7 33. Bh3 a5 34. Ke3 Kd6 35. f4 exf4+ 36. Kxf4 h6 37. g4 Nd7 38. g5 hxg5+ 39. Kxg5 Ne5 40. Bg2 a4 41. Be4 a3 42. Bxg6 Nf3+ 43. Kf6 Ne5 44. Bf5 1-0

[Event "YUG-ch sf"]
[Site "Kladovo"]
[Date "1990.??.??"]
[Round "2"]
[White "Mujagic, Ramo"]
[Black "Lazic, Miroljub"]
[Result "1/2-1/2"]
[WhiteElo "2300"]
[BlackElo "2495"]
[PlyCount "30"]
[EventDate "1990.??.??"]
[EventType "swiss"]
[EventRounds "13"]
[EventCountry "YUG"]
[SourceTitle "TD"]
[Source "ChessBase"]
[SourceDate "1994.03.01"]
[SourceVersion "1"]
[SourceVersionDate "1994.03.01"]
[SourceQuality "1"]

1. Nf3 d5 2. c4 e6 3. e3 Nf6 4. b3 Bd6 5. Bb2 Nbd7 6. Be2 0-0 7. 0-0 c6 8. d3 Qe7 9. Nbd2 e5 10. cxd5 cxd5 11. e4 Ba3 12. Bxa3 Qxa3 13. Qc1 Qd6 14. exd5 Nxd5 15. Nc4 Qg6 1/2-1/2

[Event "Novi Sad op"]
[Site "Novi Sad"]
[Date "1989.??.??"]
[Round "8"]
[White "Mujagic, Ramo"]
[Black "Galliamova, Alisa"]
[Result "0-1"]
[WhiteElo "2265"]
[BlackElo "2370"]
[PlyCount "80"]
[EventDate "1989.??.??"]
[EventType "swiss"]
[EventRounds "9"]
[EventCountry "YUG"]
[SourceTitle "EXT 2000"]
[Source "ChessBase"]
[SourceDate "1999.11.16"]
[SourceVersion "1"]
[SourceVersionDate "1999.11.16"]
[SourceQuality "1"]

1. e4 c5 2. Nf3 Nc6 3. Nc3 Nf6 4. d4 cxd4 5. Nxd4 d6 6. Be2 e5 7. Nb3 Be7 8. 0-0 0-0 9. Kh1 a5 10. a4 Nb4 11. f4 b6 12. Bf3 Bb7 13. Be3 Rb8 14. Rf2 Bc6 15. Rd2 Qc8 16. Qe2 Qb7 17. fxe5 dxe5 18. Bg1 Rfe8 19. Re1 Na6 20. Nb5 Bxb5 21. axb5 Nc7 22. c3 Ne6 23. g3 Qc7 24. Na1 Bc5 25. Nc2 Bxg1 26. Rxg1 Qc5 27. h4 Nc7 28. Na3 Re6 29. Rgd1 Nfe8 30. Bg4 Rf6 31. Kg2 Nd6 32. Bd7 Rg6 33. Bc6 Nde8 34. Nc2 Ne6 35. Kh2 Nf6 36. Rf1 Rd8 37. Kh3 Rxd2 38. Qxd2 Nh5 39. Rf3 Qg1 40. Qh2 Nef4+ 0-1